| 000 | 00629nam a22002177a 4500 | ||
|---|---|---|---|
| 999 |
_c18389 _d18389 |
||
| 003 | AR-CdUCM | ||
| 008 | 190306b ||||| |||| 00| 0 spa d | ||
| 020 | _a84-8280-146-5 | ||
| 040 |
_aMUNICIPALIDAD PROVINCIAL DEL CUSCO _cBIBLIOTECA MUNICIPAL DEL CUSCO |
||
| 082 |
_a873.11 / _bV74 |
||
| 100 |
_aVirgilio _910581 |
||
| 245 | _aEneida / | ||
| 260 |
_aBogota : _bNacional, _c1967. |
||
| 300 |
_a302 páginas ; _c24 cm. |
||
| 650 |
_aPoesías épicas latinas _95767 |
||
| 650 |
_aRoma _92474 |
||
| 650 |
_aLeyenda _910544 |
||
| 700 |
_aOchoa, Eugenio de (Traductor) _910583 |
||
| 942 |
_2ddc _cLIBROS |
||
| 945 |
_arah _d2019/05/13 |
||